| 000 | 00532nam a2200205 4500 | ||
|---|---|---|---|
| 001 | 46282 | ||
| 090 | _a46282 | ||
| 100 | _a20100406d1978 m y0pory5003 ba | ||
| 101 | 0 | _apor | |
| 102 | _aPT | ||
| 200 | 1 |
_aA Comunidade Internacional _eIntroducão à política II _fFernando Luso Soares |
|
| 205 | _a1.ª ed. | ||
| 210 |
_aLisboa _cDiabril _d1976 |
||
| 215 |
_a204 p. _d18 cm |
||
| 225 | 2 |
_aLogos _v2 |
|
| 675 | _a327 | ||
| 675 |
_a32 _vBN _zpor |
||
| 700 | 1 |
_aSoares, _bFernando Luso, _f1924- |
|
| 801 | 0 |
_aPT _bBPMP _gRPC |
|
| 990 | _cLIVROS | ||